LEADER 01038caa a2200217 u 4500 001 000000096111 003 CaOOAMICUS 005 20070226130145.0 008 040719s1980 enk u000 u eng u 020 $a0521222753 035 $a11004791 040 $aIAR$bita 100 1 $aCobban, Alan B.$0(OLS)http://pul/name/61405 245 14$aThe King's Hall, Cambridge and English medieval collegiate history /$cAlan B. Cobban. 260 $aCambridge :$bCambridge University Press,$c1980. 300 $aS. 183-196, ;$c23 cm 773 0 $aAuthority and power : Studies on medieval law and government presented to Walter Ullmann on his 70th birthday. 773 0 $tAuthority and power : studies on medieval law and government presented to Walter Ullmann on his seventieth birthday$w()16292 996 $6020$a0521222753$9(OLS)http://pul/number/20823 996 $6245$aThe King's Hall, Cambridge and English medieval collegiate history$9(OLS)http://pul/title/122987 996 $6260$aCambridge :$bCambridge University Press$9(OLS)http://pul/publisher/50125 LEADER 01491nam a2200325 u 4500 001 000000059183 003 CaOOAMICUS 005 20070226120755.0 008 010625s1998 ne u000 u eng u 020 $a0792348877 035 $a10893882 040 $aPUL$bita 245 00$aLife :$bdifferentiation and harmony... vegetal, animal, human /$cedited by Anna-Teresa Tymieniecka and Marlies Kronegger. 260 $aDordrecht :$bKluwer Academic,$cc1998. 300 $axvii, 411 p. ;$c25 cm 490 1 $aAnalecta husserliana ;$v57 500 $aContiene indici. 500 $aIn calce al front.: "Published under the auspices of The world institute for advanced phenomenological reserch and learning". 650 4$aVita.$0(OLS)http://pul/subject/12200 650 4$aFenomenologia.$0(OLS)http://pul/subject/1230 700 1 $aKronegger, Marlies.$0(OLS)http://pul/name/40769 700 1 $aTymieniecka, Anna-Teresa.$0(OLS)http://pul/name/34937 830 0$aAnalecta husserliana ;$v57.$0(OLS)http://pul/title/64786 850 $aPUL 852 $aPUL$W1$xSL Filosofia 2$y80$mPhil A6 57$j77211$n $b $qStampati altre collocazioni$B77211$CPULBib$Z2$F77211 $H $81 941 1 $a10 961 $aINV: 79497 996 $6020$a0792348877$9(OLS)http://pul/number/75243 996 $6245$aLife :$bdifferentiation and harmony... vegetal, animal, human$9(OLS)http://pul/title/79277 996 $6260$aDordrecht :$bKluwer Academic$9(OLS)http://pul/publisher/67010